A Feasibility study of "Love N Care" home health care in Habitat I, Bajumpandan, Dumaguete City / (Record no. 5752)
[ view plain ]
| 000 -LEADER | |
|---|---|
| fixed length control field | 03963naa a2200349Ia 4500 |
| 003 - CONTROL NUMBER IDENTIFIER | |
| control field | OSt |
| 005 - DATE AND TIME OF LATEST TRANSACTION | |
| control field | 20260416153458.0 |
| 008 - FIXED-LENGTH DATA ELEMENTS--GENERAL INFORMATION | |
| fixed length control field | 260416s2017 xx 000 0 und d |
| 040 ## - CATALOGING SOURCE | |
| Original cataloging agency | Foundation University |
| Language of cataloging | Eng |
| Transcribing agency | Foundation University |
| Description conventions | rda |
| 050 ## - LIBRARY OF CONGRESS CALL NUMBER | |
| Classification number | CBA (FinMgt-FS) LG 221 D35 B87 |
| Item number | A5 B87 F56 2018 A76 |
| 099 ## - LOCAL FREE-TEXT CALL NUMBER (OCLC) | |
| Classification number | 799 |
| 100 ## - MAIN ENTRY--PERSONAL NAME | |
| Personal name | Armentano, Frixcilyn G. |
| 9 (RLIN) | 1517 |
| Relator term | author. |
| 245 10 - TITLE STATEMENT | |
| Title | A Feasibility study of "Love N Care" home health care in Habitat I, Bajumpandan, Dumaguete City / |
| Statement of responsibility, etc. | by Frixcilyn G. Armentano, Melanie I. Brillo, Shawee B. Macabinguil and Aileen V. Paluyo |
| 264 ## - PRODUCTION, PUBLICATION, DISTRIBUTION, MANUFACTURE, AND COPYRIGHT NOTICE | |
| Place of production, publication, distribution, manufacture | Dumaguete City |
| Name of producer, publisher, distributor, manufacturer | Foundation Uiniversity, |
| Date of production, publication, distribution, manufacture, copy right date | 2018. |
| Copyright Date | 2018. |
| 300 ## - PHYSICAL DESCRIPTION | |
| Extent | 164 leaves : |
| Other physical details | ill. (chiefly color) ; |
| Dimensions | 28 cm. |
| Materials specified | volume |
| Type of unit | resource |
| 336 ## - CONTENT TYPE | |
| Source | rdacontent |
| Content type term | text |
| Content type code | txt |
| 337 ## - MEDIA TYPE | |
| Source | rdamedia |
| Media type term | unmediated |
| Media type code | n |
| 338 ## - CARRIER TYPE | |
| Materials specified | rdacarrier |
| Carrier type term | volume |
| Carrier type code | nc |
| 502 ## - DISSERTATION, THESIS NOTE | |
| Master's Degree Note | Undergraduate feasibility (BS in Administration Major in Financial management ) - - Foundation University, 2018. |
| 504 ## - BIBLIOGRAPHY, ETC. NOTE | |
| Bibliography, etc. note | Includes bibliographical references and appendices. |
| 520 ## - ABSTRACT, SUMMARY, ETC. | |
| Abstract, Summary, etc. | ABSTRACT<br/>The feasibility study conducted is about the establishment of "Love N Care" home health<br/>care for the elderlies business which will be located along Habitat l, Bajumpandan, Dumaguete<br/>City. In the first chapter, it highlights the rationale of the said study. This includes the<br/>introduction, background of the study in which very relevant for the study. The statement of the<br/>problem, scope, and limitations with the research methodology is also found in chapter 1. Under<br/>the researcher respondents, instruments, and data gathering procedures are further studied<br/>including the statistical treatment of the data with the terms being defined by the researchers The next chapters composed of five aspects: management, marketing. technical, financial,<br/>and socio-economic aspects. These five aspects will help the researchers to determine the<br/>feasibility study. This is all about the presentation, interpretation, and analysis of data.<br/>The management aspect shows the process or operation inside the organization including<br/>the organizational chart in accordance with their job analysis which includes their job<br/>qualifications and specification.<br/>It also includes the policies of the employees inside the firm, their working schedule, and of<br/>course, their salaries and wages. Marketing aspect illustrates the data in which are gathered from<br/>the survey questionnaires that are distributed to the respondent which will greatly benefit the<br/>study. It depicts that 75% of the respondents are willing and able to patronize the said business.<br/>It also includes the marketing strategy, the market analysis (demand-supply, supply-demand),<br/>and the marketing plan.<br/>Under technical aspects, it mainly contains the layout of the building. While on the other<br/>hand, the financial aspects detailed the financial statements during the operation of the business.<br/>Lastly, the socio-economic aspects signify the impact of the business in the society.<br/>The last chapter contains the summary of the findings, conclusion, and recommendation.<br/>It also contains the appendix that shows the collection of the legal requirements needed by the<br/>business to operate. |
| 650 ## - SUBJECT ADDED ENTRY--TOPICAL TERM | |
| Topical term or geographic name entry element | Feasibility studies |
| Geographic subdivision | Philippines. |
| -- | Dumaguete City. |
| 9 (RLIN) | 15516 |
| 650 ## - SUBJECT ADDED ENTRY--TOPICAL TERM | |
| Topical term or geographic name entry element | Home health care services |
| Geographic subdivision | Philippines. |
| -- | Dumaguete City. |
| 9 (RLIN) | 15517 |
| 650 ## - SUBJECT ADDED ENTRY--TOPICAL TERM | |
| Topical term or geographic name entry element | Health services |
| Geographic subdivision | Philippines. |
| -- | Dumaguete City. |
| 9 (RLIN) | 14619 |
| 650 ## - SUBJECT ADDED ENTRY--TOPICAL TERM | |
| Topical term or geographic name entry element | Small business |
| Geographic subdivision | Philippines |
| -- | Dumaguete City. |
| 9 (RLIN) | 13723 |
| 658 ## - INDEX TERM--CURRICULUM OBJECTIVE | |
| Main curriculum objective | Project Feasibility Study : |
| Subordinate curriculum objective | Administration Major in Financial Management Bachelor of Science in ; |
| Curriculum code | FSB301 |
| 700 ## - ADDED ENTRY--PERSONAL NAME | |
| Personal name | Brillo, Melanie I. |
| Fuller form of name | co-author |
| 9 (RLIN) | 15518 |
| 700 ## - ADDED ENTRY--PERSONAL NAME | |
| Personal name | Macabinguil, Shawee B. |
| Fuller form of name | co-author |
| 9 (RLIN) | 15519 |
| 700 ## - ADDED ENTRY--PERSONAL NAME | |
| Personal name | Paluyo, Aileen V. |
| Relator term | co-author |
| 9 (RLIN) | 15520 |
| 700 ## - ADDED ENTRY--PERSONAL NAME | |
| Personal name | Ybarrita Marrisa B., |
| Relator term | co-author |
| 9 (RLIN) | 15521 |
| 942 ## - ADDED ENTRY ELEMENTS (KOHA) | |
| Source of classification or shelving scheme | Library of Congress Classification |
| Koha item type | Feasibility Study |
| Classification part | LG 221 D35 B87 |
| Item part | A5 B87 F56 2018 A76 |
| Call number prefix | CBA (FinMgt-FS) |
| Withdrawn status | Lost status | Source of classification or shelving scheme | Damaged status | Not for loan | Home library | Current library | Shelving location | Date acquired | Source of acquisition | Total Checkouts | Full call number | Barcode | Date last seen | Price effective from | Koha item type | Accession Number |
|---|---|---|---|---|---|---|---|---|---|---|---|---|---|---|---|---|
| Library of Congress Classification | Foundation University Library | Foundation University Library | Undergraduate Thesis | 04/16/2026 | Donated | CBA (FinMgt-FS) LG 221 D35 B87 A5 B87 F56 2018 A76 c.1 | 61567 | 04/16/2026 | 04/16/2026 | Feasibility Study | FinMgt-FS-2026033 | |||||
| Library of Congress Classification | Foundation University Library | Foundation University Library | Undergraduate Thesis | 04/16/2026 | Donated | CBA (FinMgt-FS) LG 221 D35 B87 A5 B87 F56 2018 A76 c.2 | 61568 | 04/16/2026 | 04/16/2026 | Feasibility Study | FinMgt-FS-2026034 |
